000 00449nam a2200181Ia 4500
005 20250603144530.0
008 250603s9999 xx 000 0 und d
020 _a9780367644499
050 _aRA 643.645 .A78/
100 _aKrit, Salah-ddine
245 0 _aArtificial Applications in a pandemic COVID-19
260 _aRoca Ratan
260 _bCRC Press
260 _c2024
300 _aix, 141p.: ill.
650 _aRoca Ratan
942 _cBK
999 _c39200
_d39200